[Event "5. HSK Oster-Open 2019"]
[Site "Hamburg"]
[Date "2019.04.21"]
[Round "6.25"]
[White "Fuhrmann, Bahne"]
[Black "Queißer, Jens"]
[Result "1-0"]
[WhiteElo "1662"]
[BlackElo "1431"]
[PlyCount "103"]
[EventDate "2019.04.19"]

1. Nf3 Nf6 2. d4 e6 3. c4 d5 4. Nc3 Bb4 5. Bg5 O-O 6. e3 c5 7. a3 Bxc3+ 8. bxc3
h6 9. Bxf6 Qxf6 10. g4 Nd7 11. h4 Qe7 12. g5 h5 13. Nh2 g6 14. Be2 e5 15. cxd5
exd4 16. cxd4 Qe4 17. Nf3 Qxd5 18. dxc5 Qxd1+ 19. Rxd1 Nxc5 20. Rc1 b6 21. Ne5
Bb7 22. O-O Rfe8 23. f4 Rad8 24. Rfd1 Bd5 25. Bb5 Bb3 26. Bxe8 Rxd1+ 27. Rxd1
Bxd1 28. Bxf7+ Kg7 29. Bxg6 b5 30. f5 Ne4 31. Be8 a6 32. Nd7 Kg8 33. f6 Nd6 34.
Bg6 a5 35. Kf2 b4 36. axb4 axb4 37. Ne5 b3 38. Ke1 Bc2 39. Bxc2 bxc2 40. Kd2
Nf5 41. Kxc2 Nxe3+ 42. Kd3 Nf5 43. Nf3 Kf7 44. Ke4 Nd6+ 45. Kf4 Nc4 46. Ne5+
Nxe5 47. Kxe5 Kg6 48. Ke6 Kh7 49. Ke7 Kg6 50. f7 Kh7 51. g6+ Kh8 52. f8=Q# 1-0

[Event "5. HSK Oster-Open 2019"]
[Site "Hamburg"]
[Date "2019.04.21"]
[Round "6.26"]
[White "Echt, Pascal"]
[Black "Koch, Ralf-Johannes"]
[Result "0-1"]
[WhiteElo "1372"]
[BlackElo "1730"]
[PlyCount "64"]
[EventDate "2019.04.19"]

1. d4 g6 2. c4 c5 3. d5 b5 4. e4 d6 5. Bd3 Bg7 6. Ne2 bxc4 7. Bxc4 Nf6 8. Nbc3
Qa5 9. O-O Ba6 10. Qb3 Bxc4 11. Qxc4 Nbd7 12. f4 Rb8 13. a3 O-O 14. Ng3 Nb6 15.
Qe2 Nfd7 16. f5 Na4 17. Nxa4 Qxa4 18. Rb1 Rb3 19. Qg4 Ne5 20. Qd1 Rfb8 21. fxg6
hxg6 22. h4 Qd7 23. h5 Rxg3 24. Bf4 Rgb3 25. Bh2 Ng4 26. Rf3 Bd4+ 27. Kh1 Nf2+
28. Rxf2 Bxf2 29. Qe2 Bd4 30. Bf4 Rxa3 31. h6 Rab3 32. Bc1 Kh7 0-1

[Event "5. HSK Oster-Open 2019"]
[Site "Hamburg"]
[Date "2019.04.21"]
[Round "6.27"]
[White "Summers, Jan"]
[Black "Grotrian, Pauline"]
[Result "1-0"]
[WhiteElo "1680"]
[BlackElo "1309"]
[PlyCount "73"]
[EventDate "2019.04.19"]

1. e4 e5 2. Nf3 Nc6 3. d4 d6 4. dxe5 dxe5 5. Qxd8+ Kxd8 6. Ng5 Ke8 7. Bc4 Be6
8. Bxe6 fxe6 9. Nxe6 Rc8 10. Nxf8 Kxf8 11. O-O Rd8 12. Be3 b6 13. Nc3 Nf6 14.
Rad1 Kf7 15. f4 Rhe8 16. Rxd8 Rxd8 17. fxe5 Nxe5 18. Nd5 c6 19. Nxf6 gxf6 20.
Bf4 Ke7 21. Kf2 c5 22. Bxe5 fxe5 23. Ke2 Rd4 24. Ke3 a5 25. c3 Rd8 26. Ke2 b5
27. Rd1 Rg8 28. g3 Kf6 29. Kf2 h6 30. Rd6+ Kg5 31. Rd5 Rf8+ 32. Ke2 Kf6 33.
Rxc5 Rb8 34. Rc6+ Kg5 35. Re6 Kg4 36. Rxe5 h5 37. Kf2 1-0

[Event "5. HSK Oster-Open 2019"]
[Site "Hamburg"]
[Date "2019.04.21"]
[Round "6.29"]
[White "Mi, Gufeng"]
[Black "Fuhrmann, Frederik"]
[Result "1-0"]
[WhiteElo "1547"]
[BlackElo "1550"]
[PlyCount "63"]
[EventDate "2019.04.19"]

1. d4 Nf6 2. Bf4 g6 3. h3 Bg7 4. e3 d6 5. Nf3 O-O 6. Be2 c5 7. c3 Qb6 8. Qc1
cxd4 9. exd4 Nc6 10. O-O Bd7 11. Na3 Rac8 12. Nc4 Qc7 13. Ne3 e5 14. dxe5 dxe5
15. Bh2 Nh5 16. Re1 Qd8 17. Nd2 Nf4 18. Bxf4 exf4 19. Ng4 Bf5 20. Nh2 Nd4 21.
Bf1 Bf6 22. Ne4 Ne6 23. Rd1 Qe7 24. Nd6 Rc5 25. Nxf5 Rxf5 26. Nf3 Rd8 27. Re1
g5 28. Nd4 Bxd4 29. cxd4 Rxd4 30. Qc3 Qd7 31. Rac1 Rfd5 32. Qf3 1-0

[Event "5. HSK Oster-Open 2019"]
[Site "Hamburg"]
[Date "2019.04.21"]
[Round "6.31"]
[White "Eggers, Heiko"]
[Black "Stolzenwald, Frank"]
[Result "1-0"]
[WhiteElo "1616"]
[BlackElo "1292"]
[PlyCount "31"]
[EventDate "2019.04.19"]

1. Nf3 Nc6 2. g3 Nf6 3. Bg2 e5 4. d3 d5 5. Nbd2 Bd6 6. O-O O-O 7. e4 d4 8. Nc4
Be6 9. Nxd6 cxd6 10. Bg5 h6 11. Bd2 Nd7 12. Nh4 g5 13. Nf5 Bxf5 14. exf5 f6 15.
Qh5 Rf7 16. Bd5 1-0

[Event "5. HSK Oster-Open 2019"]
[Site "Hamburg"]
[Date "2019.04.21"]
[Round "6.32"]
[White "Sickmann, Lisa"]
[Black "Roth, Paul Konstantin"]
[Result "1-0"]
[WhiteElo "1382"]
[BlackElo "1608"]
[PlyCount "47"]
[EventDate "2019.04.19"]

1. e4 c5 2. Nf3 d6 3. d4 cxd4 4. Nxd4 Nf6 5. Nc3 a6 6. f3 Nc6 7. Be3 e5 8. Nb3
Be6 9. Qd2 Be7 10. O-O-O O-O 11. g4 h6 12. g5 hxg5 13. Bxg5 Ne8 14. Be3 Bf6 15.
Qg2 Ne7 16. h4 Bxb3 17. axb3 Bxh4 18. Rxh4 Nf5 19. Bg5 Nxh4 20. Qg4 Qa5 21.
Qxh4 Rc8 22. Be7 Qa1+ 23. Nb1 Rc5 24. Bc4 1-0

[Event "5. HSK Oster-Open 2019"]
[Site "Hamburg"]
[Date "2019.04.21"]
[Round "6.33"]
[White "Hinrichs, Winfried"]
[Black "Meyer, Harald"]
[Result "1/2-1/2"]
[WhiteElo "1514"]
[BlackElo "1298"]
[PlyCount "69"]
[EventDate "2019.04.19"]

1. e4 c5 2. Nf3 Nc6 3. g3 d6 4. Bg2 g6 5. d3 Bg7 6. Nc3 e6 7. O-O Nge7 8. Ne2
Qc7 9. c3 Bd7 10. Nf4 h6 11. Re1 e5 12. Ne2 g5 13. Be3 g4 14. Nd2 h5 15. f4 h4
16. gxh4 Rxh4 17. Bf2 Rh7 18. f5 O-O-O 19. Bg3 Bf6 20. Nf1 Rdh8 21. Ne3 Rg7 22.
Kf2 Bh4 23. Rh1 f6 24. Qg1 Qb6 25. Nc4 Qc7 26. Bxh4 Rxh4 27. Ng3 b5 28. Ne3 Qb6
29. Ke2 b4 30. Nc4 Qc7 31. Qf2 Rgh7 32. Qg1 Na5 33. Nxa5 Qxa5 34. c4 Nc6 35.
Kd1 1/2-1/2

[Event "5. HSK Oster-Open 2019"]
[Site "Hamburg"]
[Date "2019.04.21"]
[Round "6.35"]
[White "Fuhrmann, Jeppe"]
[Black "Krüger, Dietrich"]
[Result "1-0"]
[WhiteElo "1365"]
[BlackElo "1230"]
[PlyCount "45"]
[EventDate "2019.04.19"]

1. e4 b6 2. d4 Bb7 3. Nc3 d5 4. exd5 Bxd5 5. Nxd5 Qxd5 6. Nf3 Nd7 7. Be3 e6 8.
g3 c5 9. Bg2 O-O-O 10. O-O f6 11. Ne5 Qd6 12. Nf7 Qe7 13. Nxh8 g6 14. Qf3 Nb8
15. Rad1 Bg7 16. Nxg6 hxg6 17. dxc5 Qc7 18. cxb6 axb6 19. Rd3 Ne7 20. Rfd1 Nf5
21. c4 Qxc4 22. Rc1 Nxe3 23. Qb7# 1-0

[Event "5. HSK-Osteropen 2019"]
[Site "?"]
[Date "2019.04.22"]
[Round "7.2"]
[White "Bracker, Arne"]
[Black "Trisic, Aleksandar"]
[Result "0-1"]
[WhiteElo "2199"]
[BlackElo "2307"]
[PlyCount "52"]

1. e4 c5 2. Nf3 d6 3. d4 cxd4 4. Nxd4 Nf6 5. Nc3 a6 6. Bg5 e6 7. f4 Be7 8. Qf3
h6 9. Bh4 Qc7 10. O-O-O Nbd7 11. Be2 g5 12. fxg5 Ne5 13. Qe3 Nh7 14. Nf3 hxg5
15. Bg3 Rg8 16. Rhf1 Bd7 17. Nxe5 dxe5 18. Bh5 Rg7 19. Rxd7 Kxd7 20. Bxf7 Bc5
21. Qe2 Qd6 22. Rd1 Bd4 23. Nb5 axb5 24. Qxb5+ Ke7 25. Qxb7+ Qd7 26. Qxa8 Be3+
0-1

[Event "5. HSK-Osteropen 2019"]
[Site "?"]
[Date "2019.04.22"]
[Round "7.3"]
[White "Genov, Petar"]
[Black "Brinkmann, Fabian"]
[Result "1/2-1/2"]
[WhiteElo "2431"]
[BlackElo "2136"]
[PlyCount "88"]

1. d4 d5 2. Nf3 Nf6 3. c4 c6 4. Nc3 dxc4 5. a4 Bf5 6. Ne5 Nbd7 7. Nxc4 Qc7 8.
Qd2 Nb6 9. Ne5 a5 10. f3 h6 11. e4 Bh7 12. Qf2 Nbd7 13. Nc4 e5 14. Be3 exd4 15.
Bxd4 Bb4 16. Be2 O-O 17. O-O Rfe8 18. Rac1 Rad8 19. Rfd1 Qb8 20. Qg3 Qxg3 21.
hxg3 Nc5 22. Bf2 Nb3 23. Rb1 Nd7 24. Nd6 Bxd6 25. Rxd6 Ndc5 26. Rbd1 Rxd6 27.
Rxd6 Kf8 28. g4 Ke7 29. Rd1 f6 30. Bg3 Rd8 31. Rxd8 Kxd8 32. Bd6 Kd7 33. e5 Ne6
34. g3 g5 35. Bb8 Kc8 36. Bd6 Kd7 37. Kf2 Nbd4 38. Bc4 Bg6 39. Bb8 Kc8 40. Ba7
fxe5 41. Bb6 Kd7 42. Bxa5 Nc5 43. Bb6 Kd6 44. Ke3 Nc2+ 1/2-1/2

[Event "5. HSK-Osteropen 2019"]
[Site "?"]
[Date "2019.04.22"]
[Round "7.4"]
[White "Tomov, Georgi"]
[Black "Meissner, Felix"]
[Result "1/2-1/2"]
[WhiteElo "2319"]
[BlackElo "2410"]
[PlyCount "82"]

1. d4 Nf6 2. Nf3 e6 3. Bf4 b6 4. e3 Bb7 5. Bd3 Be7 6. h3 d6 7. Nbd2 c5 8. O-O
cxd4 9. exd4 O-O 10. Re1 Re8 11. Bh2 Bf8 12. a4 Nc6 13. Nc4 Nb4 14. Be2 Rc8 15.
Ne3 a6 16. c3 Nbd5 17. Nc4 Rc6 18. Nfd2 Qc7 19. Qb3 Rc8 20. Ne3 Nxe3 21. fxe3
Qd8 22. Bf3 d5 23. e4 b5 24. exd5 exd5 25. Be5 Rb6 26. axb5 axb5 27. Ra5 b4 28.
Qa4 bxc3 29. bxc3 Rb2 30. Nf1 Ne4 31. Qa1 Rb3 32. Ra7 Qb6 33. c4 f6 34. Bxe4
dxe4 35. c5 Qb4 36. Bf4 Rb2 37. Be3 Bd5 38. Ra4 Qb5 39. Ra5 Qb4 40. Ra4 Qb5 41.
Ra5 Qb4 1/2-1/2

[Event "5. HSK-Osteropen 2019"]
[Site "?"]
[Date "2019.04.22"]
[Round "7.6"]
[White "Christensen, Andreas"]
[Black "Noack, Reiner"]
[Result "0-1"]
[WhiteElo "1859"]
[BlackElo "2082"]
[PlyCount "102"]

1. e4 Nf6 2. e5 Nd5 3. d4 d6 4. c4 Nb6 5. exd6 cxd6 6. Nc3 g6 7. Be3 Bg7 8. Be2
Nc6 9. Rc1 O-O 10. b3 e5 11. Nb5 exd4 12. Nxd4 d5 13. c5 Nd7 14. Ngf3 Qa5+ 15.
Qd2 Qxd2+ 16. Kxd2 Nde5 17. Nxe5 Bxe5 18. Nxc6 bxc6 19. Bh6 Re8 20. f4 Bd4 21.
f5 Bxf5 22. b4 Rab8 23. Bf4 Rxb4 24. Bd3 Rb2+ 25. Rc2 Rxc2+ 26. Bxc2 Bxc2 27.
Kxc2 Bxc5 28. Kd3 Bb6 29. Bh6 f6 30. h4 Kf7 31. g4 c5 32. Rf1 Re6 33. h5 Re4
34. Bg5 c4+ 35. Kc2 Bd4 36. Bxf6 Bxf6 37. g5 Re2+ 38. Kd1 Re6 39. h6 Ke7 40.
gxf6+ Rxf6 41. Re1+ Re6 42. Rf1 a6 43. Rf3 Kd6 44. Rf7 g5 45. Rxh7 Ke5 46. Rg7
Rxh6 47. Rxg5+ Kd4 48. Rg4+ Kc5 49. Rg5 Rh2 50. a3 Rh3 51. a4 Ra3 0-1

[Event "5. HSK-Osteropen 2019"]
[Site "?"]
[Date "2019.04.22"]
[Round "7.7"]
[White "Callsen, Niklas"]
[Black "Aumüller, Ingo"]
[Result "1-0"]
[WhiteElo "2043"]
[BlackElo "1983"]
[PlyCount "47"]

1. e4 c5 2. Nf3 e6 3. d4 cxd4 4. Nxd4 a6 5. Nc3 Qc7 6. g3 Ne7 7. Ndb5 axb5 8.
Nxb5 Qc6 9. Nd6+ Kd8 10. Nxf7+ Ke8 11. Nd6+ Kd8 12. Bb5 Qc5 13. Be3 Qb4+ 14. c3
Qa5 15. b4 Qc7 16. Nc4 d5 17. Bb6 Bd7 18. Bxc7+ Kxc7 19. Bxd7 Nxd7 20. exd5
Nxd5 21. O-O b5 22. Ne3 Nxc3 23. Rc1 Bxb4 24. Qb3 1-0

[Event "5. HSK-Osteropen 2019"]
[Site "?"]
[Date "2019.04.22"]
[Round "7.8"]
[White "Kotyk, Michael"]
[Black "Giacometto, Mario"]
[Result "1/2-1/2"]
[WhiteElo "1985"]
[BlackElo "1965"]
[PlyCount "70"]

1. Nf3 d5 2. b3 Nf6 3. Bb2 e6 4. e3 Bd6 5. d4 c5 6. Bd3 Nc6 7. a3 Qc7 8. O-O
O-O 9. Nbd2 b6 10. dxc5 bxc5 11. e4 Ne5 12. Nxe5 Bxe5 13. Bxe5 Qxe5 14. Nf3 Qf4
15. exd5 exd5 16. Qd2 Qxd2 17. Nxd2 a5 18. a4 Be6 19. Bb5 Rac8 20. c3 d4 21.
Nc4 Bxc4 22. Bxc4 Ne4 23. cxd4 cxd4 24. Rad1 Rfd8 25. Rfe1 Nc3 26. Rd3 Kf8 27.
g3 Nxa4 28. Rf3 f6 29. Bd3 Nb2 30. Rb1 Nxd3 31. Rxd3 Rc3 32. Rxc3 dxc3 33. Rc1
Rd3 34. Rc2 Ke7 35. Kf1 Kd6 1/2-1/2

[Event "5. HSK-Osteropen 2019"]
[Site "?"]
[Date "2019.04.22"]
[Round "7.9"]
[White "Kahlert, Thomas"]
[Black "Schwartzkopf, Jörg"]
[Result "1-0"]
[WhiteElo "2174"]
[BlackElo "1858"]
[PlyCount "91"]

1. Nf3 d6 2. d4 g6 3. c4 Nf6 4. Nc3 Bg7 5. e4 O-O 6. Be2 e5 7. O-O Nc6 8. d5
Ne7 9. Bd2 Ne8 10. Rc1 h6 11. b4 f5 12. Qb3 f4 13. Ne1 g5 14. g4 Nf6 15. f3 h5
16. h3 hxg4 17. hxg4 Kf7 18. Nd3 Rh8 19. c5 Rh3 20. Kf2 Qh8 21. Ke1 Qh4+ 22.
Kd1 Bxg4 23. Nxe5+ dxe5 24. d6+ Be6 25. Bc4 Bxc4 26. Qxc4+ Kg6 27. dxe7 Rh1 28.
Kc2 Rxf1 29. Rxf1 Qh3 30. Nd5 c6 31. Nc7 Rc8 32. Ne6 Re8 33. Rg1 Rxe7 34. Rxg5+
Kh6 35. Rxe5 Qxf3 36. Ng5 Qg2 37. Rxe7 Qxg5 38. Qe6 Kg6 39. Qf5+ Qxf5 40. exf5+
Kh7 41. Bxf4 Nd5 42. Rxb7 Nxf4 43. f6 Nd5 44. fxg7 Kg8 45. Kb3 a6 46. a3 1-0

[Event "5. HSK-Osteropen 2019"]
[Site "Hamburg"]
[Date "2019.04.22"]
[Round "7.10"]
[White "Franke, Lutz"]
[Black "Pothast, Laurenz"]
[Result "1-0"]
[WhiteElo "2156"]
[BlackElo "2774"]
[PlyCount "25"]
[EventDate "2018.12.27"]

1. d4 Nf6 2. c4 e6 3. Nc3 d5 4. Bg5 Be7 5. Nf3 O-O 6. Rc1 Nbd7 7. e3 h6 8. Bh4
c6 9. Bd3 Re8 10. O-O b6 11. cxd5 cxd5 12. Nb5 Rb8 13. Bg3 1-0

[Event "5. HSK-Osteropen 2019"]
[Site "?"]
[Date "2019.04.22"]
[Round "7.11"]
[White "Günther, Patrick"]
[Black "Krause, Max"]
[Result "1/2-1/2"]
[WhiteElo "2108"]
[BlackElo "1934"]
[PlyCount "72"]

1. Nf3 c5 2. e4 e6 3. d4 cxd4 4. Nxd4 a6 5. c4 Qc7 6. Nc3 b6 7. Be2 Bb7 8. O-O
d6 9. Be3 Nf6 10. f3 Nbd7 11. Rc1 Be7 12. b4 Rc8 13. Nb3 Qb8 14. Qd4 O-O 15. a4
Bd8 16. Kh1 Bc7 17. Bg1 Rfd8 18. Rc2 Qa8 19. Rfc1 Ne5 20. Qd2 Ned7 21. Ra2 d5
22. exd5 exd5 23. c5 bxc5 24. bxc5 Ne5 25. Qd4 Ng6 26. Rd1 Be5 27. Qb4 Rb8 28.
Na5 d4 29. Rad2 Bd5 30. Nxd5 Rxb4 31. Nxb4 Ne7 32. Bxd4 Rxd4 33. Rxd4 Bxd4 34.
Rxd4 g6 35. c6 Kg7 36. Bxa6 Qa7 1/2-1/2

[Event "5. HSK-Osteropen 2019"]
[Site "?"]
[Date "2019.04.22"]
[Round "7.12"]
[White "Schulze, Mario"]
[Black "Warns, Heiko"]
[Result "1/2-1/2"]
[WhiteElo "1932"]
[BlackElo "2092"]
[PlyCount "108"]

1. e4 c5 2. Nf3 e6 3. d4 cxd4 4. Nxd4 a6 5. Bd3 Qb6 6. Nb3 Qc7 7. O-O Nf6 8.
Nc3 Be7 9. Qe2 d6 10. Bd2 Nbd7 11. f4 e5 12. Nd5 Nxd5 13. exd5 Bf6 14. Kh1 g6
15. fxe5 Bxe5 16. Bh6 Qd8 17. Bg7 Rg8 18. Bxe5 Nxe5 19. Rae1 Rf8 20. Nd2 Qe7
21. Ne4 f6 22. Qe3 Bf5 23. Nf2 Bxd3 24. Nxd3 O-O-O 25. Nf4 Kb8 26. Ne6 Rc8 27.
Nxf8 Qxf8 28. c3 Rc4 29. b3 Rh4 30. h3 f5 31. Qg3 Qf6 32. Rf4 Rh5 33. Rff1 g5
34. Rxe5 dxe5 35. Qf3 Qf7 36. Qxf5 Qxd5 37. Re1 Ka7 38. Rxe5 Rxh3+ 39. Qxh3
Qxe5 40. Qxh7 Qxc3 41. Qe4 Qg3 42. Qd4+ b6 43. Qd7+ Kb8 44. Qd8+ Kb7 45. Qe7+
Kc6 46. Qe4+ Kd6 47. Qd4+ Kc6 48. Qe4+ Kd7 49. Qb7+ Ke8 50. Qxa6 Qe1+ 51. Kh2
Qh4+ 52. Kg1 Qd4+ 53. Kh2 Qf4+ 54. Kg1 Qe3+ 1/2-1/2

[Event "5. HSK-Osteropen 2019"]
[Site "?"]
[Date "2019.04.22"]
[Round "7.13"]
[White "Grötzbach, Daniel"]
[Black "Grabbel, Lennart"]
[Result "1/2-1/2"]
[WhiteElo "2067"]
[BlackElo "1819"]
[PlyCount "109"]

1. e4 e5 2. Nf3 Nc6 3. Bb5 a6 4. Ba4 Nf6 5. d3 d6 6. c3 g6 7. O-O Bg7 8. h3 O-O
9. Bg5 Ne7 10. Re1 b5 11. Bc2 c5 12. d4 Qc7 13. a4 Bb7 14. d5 h6 15. Bc1 Nd7
16. c4 b4 17. Nh4 Rae8 18. Nd2 Bc8 19. Nf1 a5 20. Ne3 Nf6 21. Ng4 Kh7 22. Qf3
Neg8 23. Qe2 Bd7 24. g3 Qc8 25. f3 h5 26. Kg2 hxg4 27. hxg4 Nxg4 28. fxg4 Bxg4
29. Nf3 Bh6 30. Bxh6 Nxh6 31. Rh1 Kg7 32. Qe3 Bxf3+ 33. Qxf3 f5 34. Rh4 Rh8 35.
Rah1 fxe4 36. Qxe4 Nf5 37. R4h3 Rxh3 38. Rxh3 Rh8 39. g4 Rxh3 40. Kxh3 Ne7 41.
Kg3 Qf8 42. Bd3 Qh8 43. b3 Qh6 44. Qf3 Qg5 45. Kh3 Ng8 46. Be4 Nf6 47. Bd3 Qd2
48. Bb1 Nh7 49. Qf1 Qe3+ 50. Kg2 Qxb3 51. Bxg6 Kxg6 52. Qf5+ Kh6 53. Qe6+ Kg7
54. Qd7+ Kg6 55. Qf5+ 1/2-1/2

[Event "5. HSK-Osteropen 2019"]
[Site "?"]
[Date "2019.04.22"]
[Round "7.14"]
[White "Renger, Maik"]
[Black "Genov, Valentin"]
[Result "1-0"]
[WhiteElo "2029"]
[BlackElo "1727"]
[PlyCount "59"]

1. d4 Nf6 2. c4 e6 3. Nf3 c5 4. g3 cxd4 5. Nxd4 d5 6. Bg2 Bb4+ 7. Bd2 Qb6 8.
Qa4+ Nc6 9. Nxc6 Bxd2+ 10. Nxd2 bxc6 11. O-O O-O 12. Qc2 a5 13. Rfd1 Ba6 14. b3
Rfd8 15. Nf3 Rac8 16. e3 a4 17. c5 Qa5 18. Nd4 Nd7 19. Rdc1 Rc7 20. Bh3 Re8 21.
a3 axb3 22. Nxb3 Qb5 23. Bf1 Qa4 24. Bxa6 Qxa6 25. Qc3 Qa4 26. Nd4 Rb8 27. Rcb1
Rcb7 28. Rb4 Qa6 29. Rab1 Rxb4 30. Rxb4 1-0

[Event "5. HSK-Osteropen 2019"]
[Site "?"]
[Date "2019.04.22"]
[Round "7.15"]
[White "Apitzsch, Leon"]
[Black "Grabbel, Torben"]
[Result "1-0"]
[WhiteElo "1971"]
[BlackElo "1676"]
[PlyCount "61"]

1. d4 d5 2. c4 c6 3. cxd5 cxd5 4. Nc3 Nc6 5. e4 dxe4 6. d5 Ne5 7. Qa4+ Bd7 8.
Qxe4 Ng6 9. Bc4 Nf6 10. Qe2 Rc8 11. Nf3 Qc7 12. Bb3 Nf4 13. Bxf4 Qxf4 14. Rd1
a6 15. Rd4 Qd6 16. O-O g6 17. Re1 Bg7 18. Rdd1 Bf5 19. Nd4 Bg4 20. f3 Bd7 21.
Kh1 Rc7 22. Ne6 fxe6 23. dxe6 Qc6 24. exd7+ Rxd7 25. Rxd7 Qxd7 26. Ba4 b5 27.
Nxb5 O-O 28. Nc3 Qb7 29. Bb3+ Kh8 30. Qxe7 Re8 31. Qxe8+ 1-0

[Event "5. HSK-Osteropen 2019"]
[Site "?"]
[Date "2019.04.22"]
[Round "7.16"]
[White "Solar, Peter"]
[Black "Streich, Justus"]
[Result "0-1"]
[WhiteElo "1847"]
[BlackElo "1963"]
[PlyCount "42"]

1. e4 e5 2. d4 exd4 3. Nf3 Nc6 4. Bc4 Nf6 5. e5 d5 6. Bb5 Ne4 7. Nxd4 Bd7 8.
Bxc6 bxc6 9. Be3 Bc5 10. Nd2 Nxd2 11. Qxd2 O-O 12. Qc3 Bb6 13. Nb3 Bxe3 14.
Qxe3 f6 15. O-O fxe5 16. Qxe5 Rf5 17. Qd4 Qg5 18. Rfe1 Raf8 19. Qxa7 Qh4 20.
Rf1 Rg5 21. Qd4 Qh3 0-1

[Event "5. HSK-Osteropen 2019"]
[Site "?"]
[Date "2019.04.22"]
[Round "7.17"]
[White "Reher, Wolfgang"]
[Black "Summers, Jan"]
[Result "0-1"]
[WhiteElo "1906"]
[BlackElo "1692"]
[PlyCount "40"]

1. d4 d5 2. c4 c6 3. Nc3 Nf6 4. Bg5 e6 5. Nf3 Nbd7 6. e3 Bb4 7. Bd3 Qa5 8. Bxf6
Bxc3+ 9. bxc3 Qxc3+ 10. Ke2 Nxf6 11. c5 Ne4 12. Bxe4 dxe4 13. Nd2 Qd3+ 14. Ke1
e5 15. Rb1 Be6 16. Rxb7 exd4 17. Qa4 dxe3 18. Qxc6+ Kf8 19. Nxe4 Rd8 20. Qa4
Bc4 0-1

[Event "5. HSK-Osteropen 2019"]
[Site "?"]
[Date "2019.04.22"]
[Round "7.18"]
[White "Rennspieß, Jens"]
[Black "Andris, Valentin"]
[Result "0-1"]
[WhiteElo "1703"]
[BlackElo "1796"]
[PlyCount "50"]

1. e4 c6 2. d4 d5 3. Nc3 b5 4. e5 Bf5 5. Nge2 e6 6. Ng3 Bg6 7. Bd3 Ne7 8. h4
Nd7 9. h5 Bf5 10. Bxf5 exf5 11. Bg5 f6 12. exf6 Nxf6 13. Bxf6 gxf6 14. h6 f4
15. Qh5+ Ng6 16. Nf5 Qd7 17. O-O-O O-O-O 18. Nh4 Rg8 19. Nxg6 Rxg6 20. Qf3 Bd6
21. Rd3 Rdg8 22. Nxb5 cxb5 23. Qxd5 Kb8 24. Rb3 a6 25. Ra3 Rg5 0-1

[Event "5. HSK-Osteropen 2019"]
[Site "?"]
[Date "2019.04.22"]
[Round "7.19"]
[White "Lasschuit, René"]
[Black "Gufeng, Mi"]
[Result "1-0"]
[WhiteElo "1775"]
[BlackElo "1547"]
[PlyCount "115"]

1. Nf3 g6 2. g3 Bg7 3. Bg2 Nf6 4. O-O d6 5. d4 O-O 6. c4 c6 7. Nc3 Nbd7 8. e4
e5 9. d5 c5 10. Nh4 Re8 11. f4 exf4 12. Bxf4 Ne5 13. Bxe5 Rxe5 14. Qc2 a6 15.
Rae1 Bh6 16. h3 Nh5 17. Qf2 Qf8 18. Nf3 Re8 19. e5 Bg7 20. exd6 Rxe1 21. Rxe1
f5 22. Qxc5 Nxg3 23. Qc7 Bf6 24. d7 Bxd7 25. Qxd7 Nh5 26. Kh1 Ng7 27. Re2 Rc8
28. Nd2 Rd8 29. Qxb7 Qd6 30. Nf3 Qf4 31. Qb6 Rf8 32. Qe3 Qc7 33. c5 Re8 34. Qd3
Rxe2 35. Qxe2 Qxc5 36. Qxa6 Nh5 37. Qa8+ Kg7 38. Qb7+ Kh6 39. Qb8 g5 40. Ng1
Nf4 41. Nge2 Nxg2 42. Kxg2 Qe3 43. Qg3 Qe8 44. Qd3 Kg6 45. a4 Qb8 46. Qd2 Qb4
47. Kf1 h5 48. d6 Qc4 49. Qd5 Qh4 50. d7 Qxh3+ 51. Ke1 Qh4+ 52. Kd1 g4 53. Nf4+
Kh7 54. Qf7+ Bg7 55. Ne6 Qh1+ 56. Kc2 Qg2+ 57. Kb3 Qb7+ 58. Ka3 1-0

[Event "5. HSK-Osteropen 2019"]
[Site "?"]
[Date "2019.04.22"]
[Round "7.20"]
[White "Schneider, Peter"]
[Black "Eberhardt, Michael"]
[Result "0-1"]
[WhiteElo "1379"]
[BlackElo "1770"]
[PlyCount "40"]

1. e4 d5 2. exd5 Nf6 3. d4 Bg4 4. Be2 Bxe2 5. Qxe2 Qxd5 6. Nf3 Nc6 7. c3 O-O-O
8. O-O Re8 9. Bf4 e6 10. Ne5 Bd6 11. Na3 a6 12. Nac4 Rhf8 13. b3 Bxe5 14. Bxe5
Nd7 15. Bd6 cxd6 16. a4 Kc7 17. b4 e5 18. b5 exd4 19. bxc6 Rxe2 20. cxd7 Qxc4
0-1

[Event "5. HSK-Osteropen 2019"]
[Site "?"]
[Date "2019.04.22"]
[Round "7.21"]
[White "Kipke, Kevin"]
[Black "Fuhrmann, Bahne"]
[Result "1-0"]
[WhiteElo "1684"]
[BlackElo "1736"]
[PlyCount "59"]

1. e4 e5 2. Nf3 Nc6 3. d4 exd4 4. Nxd4 Bc5 5. Be3 Qf6 6. c3 d6 7. Bc4 Ne5 8.
Be2 Qg6 9. O-O Qxe4 10. Re1 Bd7 11. Nd2 Qg6 12. N2b3 O-O-O 13. f4 Nc6 14. Bh5
Qf6 15. Nxc5 dxc5 16. Nxc6 Bxc6 17. Bg4+ Kb8 18. Qb3 Qg6 19. Bh3 Nf6 20. Bxc5
Rd2 21. Bf2 Nh5 22. Qb4 Rhd8 23. Rf1 R8d3 24. Rae1 b6 25. Qf8+ Rd8 26. Qb4 a5
27. Qc4 R8d3 28. f5 Qg5 29. Qxc6 Rd8 30. Be3 1-0

[Event "5. HSK-Osteropen 2019"]
[Site "?"]
[Date "2019.04.22"]
[Round "7.22"]
[White "Koch, Ralf-Johannes"]
[Black "Kort, Felix"]
[Result "1-0"]
[WhiteElo "1730"]
[BlackElo "1654"]
[PlyCount "49"]

1. e4 e5 2. Nf3 Nc6 3. Bc4 Bc5 4. c3 Nf6 5. d3 O-O 6. O-O d5 7. exd5 Nxd5 8.
Re1 Re8 9. Bg5 Nf6 10. b4 Bb6 11. Nbd2 Bf5 12. Qe2 Qd6 13. Rad1 Rad8 14. Ne4
Bxe4 15. dxe4 Qe7 16. Nh4 Rxd1 17. Rxd1 Rd8 18. Nf5 Rxd1+ 19. Qxd1 Qd7 20. Qe2
Qd8 21. Qf3 Kf8 22. Nh6 gxh6 23. Bxf6 Qd6 24. Bg7+ Ke7 25. Bf8+ 1-0

[Event "5. HSK-Osteropen 2019"]
[Site "?"]
[Date "2019.04.22"]
[Round "7.23"]
[White "Atri, Jamshid"]
[Black "Eggers, Heiko"]
[Result "1-0"]
[WhiteElo "1942"]
[BlackElo "1616"]
[PlyCount "37"]

1. e4 g6 2. d4 Bg7 3. Nc3 d6 4. Nf3 Nf6 5. Bc4 O-O 6. Qe2 Nbd7 7. e5 dxe5 8.
dxe5 Ng4 9. Bf4 e6 10. O-O-O c6 11. h3 Nh6 12. g4 b5 13. Bb3 a5 14. a4 bxa4 15.
Nxa4 Qc7 16. Qe3 c5 17. Bxh6 Bxh6 18. Qxh6 Bb7 19. Ng5 1-0

[Event "5. HSK-Osteropen 2019"]
[Site "?"]
[Date "2019.04.22"]
[Round "7.24"]
[White "Rudolph, Jens-Erik"]
[Black "Sickmann, Lisa"]
[Result "1-0"]
[WhiteElo "1815"]
[BlackElo "1382"]
[PlyCount "51"]

1. Nc3 Nf6 2. d4 d5 3. Bg5 e6 4. e4 dxe4 5. Nxe4 Be7 6. Bxf6 Bxf6 7. Nf3 Be7 8.
Bd3 Bd7 9. Qe2 Bc6 10. O-O-O Nd7 11. h4 Nf6 12. c4 Bxe4 13. Bxe4 c6 14. Bc2 Qa5
15. Kb1 O-O-O 16. Ne5 Rhf8 17. Nxf7 Rd7 18. Qxe6 Kb8 19. Ne5 Rc7 20. Rh3 Qb6
21. Rb3 Qa6 22. c5 Nd5 23. Nd7+ Rxd7 24. Qxd7 Rxf2 25. Bd3 Qa4 26. Qxb7# 1-0

[Event "5. HSK-Osteropen 2019"]
[Site "?"]
[Date "2019.04.22"]
[Round "7.25"]
[White "Lu, Siyuan"]
[Black "Schulz, Hans-Jürgen"]
[Result "0-1"]
[WhiteElo "1738"]
[BlackElo "1815"]
[PlyCount "76"]

1. d4 d5 2. c4 e6 3. Nc3 c5 4. cxd5 cxd4 5. Qxd4 Nc6 6. Qd1 exd5 7. Qxd5 Bd7 8.
Qd1 Bc5 9. Nf3 Nf6 10. e3 O-O 11. Be2 Qe7 12. a3 a5 13. O-O Be6 14. Bb5 Na7 15.
Ba4 Rfd8 16. Qe2 Rac8 17. Rd1 Bd6 18. Bd2 Bc4 19. Qe1 b5 20. b3 Bd3 21. Bc1
bxa4 22. Rxd3 Bxh2+ 23. Kxh2 Rxd3 24. Nxa4 Ng4+ 25. Kg1 Rc2 26. Bd2 Nc6 27. Nc3
Nge5 28. Rd1 h6 29. Ne2 Nxf3+ 30. gxf3 Ne5 31. Kg2 Qd6 32. Nd4 Qg6+ 33. Kh1
Qh5+ 34. Kg2 Ra2 35. a4 Nxf3 36. Nxf3 Qg4+ 37. Kh2 Qxf3 38. Kg1 Rd5 0-1

[Event "5. HSK-Osteropen 2019"]
[Site "?"]
[Date "2019.04.22"]
[Round "7.26"]
[White "Bachschisade, Elvin"]
[Black "Ziefle, Stefan"]
[Result "0-1"]
[WhiteElo "1338"]
[BlackElo "1762"]
[PlyCount "104"]

1. e4 g6 2. f4 Bg7 3. Nf3 d6 4. d4 Nf6 5. Bd3 O-O 6. b3 c5 7. Bb2 Nc6 8. d5 Nb4
9. a3 Nxd3+ 10. Qxd3 Qa5+ 11. Bc3 Qb6 12. Bxf6 Bxf6 13. e5 dxe5 14. fxe5 Bg7
15. c4 Bf5 16. Qe3 e6 17. O-O exd5 18. cxd5 Rad8 19. Rd1 Bc2 20. Rd2 Qxb3 21.
Nc3 Rfe8 22. Re1 c4 23. d6 Bd3 24. Nd5 Qxa3 25. Ne7+ Rxe7 26. dxe7 Qxe7 27. Rf2
Bf8 28. Qf4 b5 29. Nd4 Rxd4 30. Qxd4 Qb4 31. Rd1 Qc5 32. Qd7 Bf5 33. Qd8 c3 34.
Qf6 Be7 35. Rd8+ Bxd8 36. Qxd8+ Qf8 37. Qd4 Qc8 38. Rf3 c2 39. Rc3 c1=Q+ 40.
Rxc1 Qxc1+ 41. Kf2 Qc2+ 42. Kg3 Qd3+ 43. Qxd3 Bxd3 44. Kf4 g5+ 45. Ke3 Bc4 46.
Kd4 a5 47. Kc3 Kg7 48. g4 Be2 49. h3 b4+ 50. Kd4 a4 51. Ke4 b3 52. Kf5 h6 0-1